| 000 | 00554nam a2200205 a 4500 | ||
|---|---|---|---|
| 001 | BRL_1501 | ||
| 005 | 20190320211233.0 | ||
| 008 | 300114s19uu----mx-a######---#000-0#eng-# | ||
| 041 | _aeng | ||
| 044 | _amx | ||
| 050 | 4 |
_aGV1628 _b.V35 1900 |
|
| 100 | 1 |
_aValdiosera, Ramón _924910 |
|
| 245 | 1 | 0 |
_aMexican dances _cby Ramón Valdiosera. |
| 260 |
_aMéxico _bFischgrund _c[19--] |
||
| 300 |
_a1 portafolio _bil., 12 láminas _c21 cm. |
||
| 500 | _aAu1741 | ||
| 650 | 1 | 4 |
_aDanzas populares y nacionales _zMéxico _925772 |
| 902 | _aGRL | ||
| 942 |
_2lcc _cB |
||
| 999 |
_c10311 _d10311 |
||